Manual de historia de Chile

Gespeichert in:
Bibliographische Detailangaben
1. Verfasser: Frías Valenzuela, Francisco (VerfasserIn)
Format: Buch
Sprache:Spanisch
Veröffentlicht: Santiago Nascimento 1979
Ausgabe:16a. ed
Schlagworte:
Tags: Tag hinzufügen
Keine Tags, Fügen Sie den ersten Tag hinzu!

MARC

LEADER 00000nam a2200000 a 4500
001 UCU0876
003 CL-VaPUC
008 960329e19790000CL |||||||||||||||||spa|d
082 0 4 |a 983  |b FRI  |2 21 
100 0 |a Frías Valenzuela, Francisco  |e author  |9 356337 
245 1 0 |a Manual de historia de Chile 
250 |a 16a. ed 
300 |a 509 p 
942 |c BK 
945 |d 19960329 00:00:00  |a cmena 
260 |a Santiago  |b Nascimento  |c 1979 
650 0 |a Historia  |9 255047 
650 7 |a HISTORIA LATINOAMERICANA  |2 CL-VaPUC  |9 347191 
650 0 |a Enseñanza de la historia   |9 307330 
651 7 |a CHILE  |2 CL-VaPUC  |9 356338 
583 |a last modification  |c 19960329 00:00:00  |k Rodrigo Vera 
999 |c 245658  |d 245656 
952 |0 0  |1 0  |4 0  |6 983_000000000000000_FRI_1979  |7 0  |8 A  |9 260241  |a BIBEDU  |b BIBEDU  |d 2019-11-19  |i 1638858  |o 983 FRI 1979  |p 1638858  |r 2019-11-19  |w 2019-11-19  |y BK  |k EDU